000 00326nam a2200121 a 4500
008 100917s1989|||| d
245 1 0 _aPrekliati králi 7
_bKeď kráľ prehrá Francúzsko
100 1 _aDruon, Maurice
260 _bSlovenský spisovateľ
_aBratislava
_c1989
020 _c23
044 _axo
_cSK
041 _aslo
999 _c10445
_d10445